000 00453nam a2200169 i 4500
001 74716
003 ES-MaACL
005 20230906172225.0
007 t|
008 040920s1942 sp ||||1| spa d
100 1 _aGordo Moreno, Angel.
_959152
245 1 0 _aVersos míos /
_cAngel Gordo Moreno.
250 _a1ª ed.
260 _a[S.l. :
_bs.n.,
_c1942] (
_fImp. T.P.A.)
300 _a88 p., 1 lám. ;
_c20 cm.
852 _aES-MaACL
_jD-8285
_bR.33085
999 _c74716
_d74716